[Event "DSOL 01 Liga Gr-D 1st"]
[Site "Playchess.com INT"]
[Date "2020.07.16"]
[Round "4.1"]
[White "Von Gleich, Alexander"]
[Black "Risius, Philipp"]
[Result "1-0"]
[WhiteElo "2290"]
[BlackElo "2018"]
[PlyCount "87"]
[EventDate "2020.06.22"]
[EventType "team-tourn (rapid)"]
[EventCountry "GER"]
[SourceTitle "EXT 2021"]
[Source "ChessBase"]
[SourceDate "2020.10.23"]
[SourceVersion "1"]
[SourceVersionDate "2020.10.23"]
[SourceQuality "1"]
[WhiteTeam "Eppendorf Johanneum"]
[BlackTeam "Biebertal"]
[WhiteTeamCountry "GER"]
[BlackTeamCountry "GER"]

1. Nf3 d6 2. d4 Bg4 3. c4 Nd7 4. Nc3 e5 5. e3 Ngf6 6. Be2 Be7 7. 0-0 c6 8. h3 Bh5 9. Nh4 Bxe2 10. Qxe2 g6 11. Nf3 Qc7 12. e4 Nh5 13. g3 Bf6 14. d5 c5 15. b3 0-0 16. Bb2 Bg7 17. Kg2 h6 18. Rae1 Rae8 19. Qc2 a6 20. Nd1 f5 21. exf5 gxf5 22. Nh4 e4 23. Qe2 Bxb2 24. Qxh5 Bg7 25. Nxf5 Kh7 26. Nxg7 Kxg7 27. Qg4+ Kh7 28. Rxe4 Ne5 29. Qe2 Qf7 30. f4 Ng6 31. Nf2 Rg8 32. Kh2 Ref8 33. Ng4 Rg7 34. f5 Nh8 35. Re6 Qh5 36. Rxh6+ Qxh6 37. Nxh6 Kxh6 38. Qe6+ Kh7 39. Rf4 Nf7 40. Rh4+ Kg8 41. f6 Rg6 42. Rg4 Kh7 43. Qe7 Rgg8 44. Qe4+ 1-0

[Event "Hamburg-chT Landesliga 1920"]
[Site "Hamburg"]
[Date "2019.11.24"]
[Round "3.1"]
[White "Von Gleich, Alexander"]
[Black "Popist, Florian"]
[Result "1-0"]
[WhiteElo "2327"]
[BlackElo "2019"]
[PlyCount "137"]
[EventDate "2019.09.29"]
[EventType "team-tourn"]
[EventRounds "9"]
[EventCountry "GER"]
[SourceTitle "EXT 2021"]
[Source "ChessBase"]
[SourceDate "2020.10.23"]
[SourceVersion "1"]
[SourceVersionDate "2020.10.23"]
[SourceQuality "1"]

1. Nf3 d5 2. c4 e6 3. g3 Nf6 4. Bg2 Be7 5. 0-0 0-0 6. d4 dxc4 7. Qc2 a6 8. Qxc4 b5 9. Qc2 Bb7 10. Bg5 Nbd7 11. Bxf6 Nxf6 12. Nbd2 Rc8 13. Nb3 Be4 14. Qc3 b4 15. Qe3 Bd5 16. Rfc1 Qd6 17. Ne5 Bxg2 18. Kxg2 Qd5+ 19. Qf3 Ne4 20. Nc6 Bd6 21. Nc5 Qxc6 22. Qxe4 Qxe4+ 23. Nxe4 e5 24. Rc6 exd4 25. Rac1 Rce8 26. Nxd6 cxd6 27. Kf1 Re6 28. Rxa6 Rfe8 29. Rc2 g6 30. Rb6 Ra8 31. b3 Ra3 32. Rxb4 Re4 33. Rd2 d5 34. f3 Re6 35. Rbxd4 Rea6 36. Rxd5 Rxa2 37. Rxa2 Rxa2 38. Ke1 Rb2 39. Rd3 Rb1+ 40. Kd2 Rb2+ 41. Ke3 Kg7 42. f4 h5 43. Kf3 Kh6 44. h4 f6 45. Re3 g5 46. fxg5+ fxg5 47. hxg5+ Kxg5 48. Ke4 Kg4 49. Kd4 Rb1 50. Kc3 Rc1+ 51. Kb2 Rh1 52. b4 Rh3 53. b5 h4 54. Re4+ Kf5 55. Rxh4 Rxg3 56. Rb4 Ke5 57. b6 Rg8 58. b7 Rb8 59. Kc3 Kd5 60. Rb5+ Kc6 61. Kc4 Kd6 62. Rb6+ Kc7 63. Kc5 Kd7 64. e4 Kc7 65. Rb2 Re8 66. b8Q+ Rxb8 67. Rxb8 Kxb8 68. Kd6 Kc8 69. Ke7 1-0

[Event "Hamburg HSK Christmas op 4th"]
[Site "Hamburg"]
[Date "2018.12.29"]
[Round "6"]
[White "Boehm, Thomas1111"]
[Black "Von Gleich, Alexander"]
[Result "0-1"]
[WhiteElo "2126"]
[BlackElo "2323"]
[PlyCount "112"]
[EventDate "2018.12.27"]
[EventType "swiss"]
[EventRounds "7"]
[EventCountry "GER"]
[SourceTitle "CBM 188 Extra"]
[Source "ChessBase"]
[SourceDate "2019.02.26"]
[SourceVersion "1"]
[SourceVersionDate "2019.02.26"]
[SourceQuality "1"]

1. e4 c5 2. Nf3 e6 3. c3 Nf6 4. e5 Nd5 5. g3 b6 6. Bg2 Ba6 7. d3 Nc6 8. 0-0 Be7 9. Na3 0-0 10. Nc4 Qc7 11. Re1 Rad8 12. Nfd2 b5 13. Bxd5 exd5 14. Ne3 Qxe5 15. d4 cxd4 16. Nf3 Qe4 17. Nc2 Qg6 18. Ncxd4 Bf6 19. Be3 Rfe8 20. Ne2 Ne5 21. Nf4 Nxf3+ 22. Qxf3 Qe4 23. Qxe4 dxe4 24. Bxa7 Bb7 25. a3 Be5 26. Be3 h6 27. Rad1 Bc6 28. Ne2 d6 29. Bd4 Bd7 30. Bxe5 dxe5 31. c4 bxc4 32. Nc3 f5 33. Rd6 Be6 34. Red1 Rxd6 35. Rxd6 Kf7 36. Kf1 Rb8 37. Na4 c3 38. Nxc3 Rxb2 39. Rc6 Ke7 40. Ke1 Kd7 41. Rc5 Kd6 42. Rb5 Rc2 43. Rb6+ Kd7 44. Nb5 Bc4 45. a4 Re2+ 46. Kd1 Rxf2 47. Rb7+ Kc6 48. Re7 Bxb5 49. axb5+ Kxb5 50. Rxe5+ Kc4 51. Ke1 Kd4 52. Rxe4+ fxe4 53. Kxf2 Kd3 54. Ke1 Ke3 55. g4 g5 56. Kd1 Kf2 0-1

[Event "Oberliga Nord N 1819"]
[Site "Germany"]
[Date "2018.11.11"]
[Round "2.4"]
[White "Woelk, Tom Frederic"]
[Black "Von Gleich, Alexander"]
[Result "1/2-1/2"]
[WhiteElo "2287"]
[BlackElo "2334"]
[PlyCount "121"]
[EventDate "2018.10.21"]
[EventType "team-tourn"]
[EventRounds "9"]
[EventCountry "GER"]
[SourceTitle "EXT 2020"]
[Source "ChessBase"]
[SourceDate "2019.10.17"]
[SourceVersion "1"]
[SourceVersionDate "2019.10.17"]
[SourceQuality "1"]
[WhiteTeam "Hamburger SK III"]
[BlackTeam "Johanneum Eppendorf"]
[WhiteTeamCountry "GER"]
[BlackTeamCountry "GER"]

1. e4 d6 2. d4 Nf6 3. Nc3 e5 4. Nge2 Be7 5. g3 Bg4 6. Bg2 exd4 7. Qxd4 Nc6 8. Qe3 0-0 9. h3 Bd7 10. g4 Re8 11. g5 Nh5 12. f4 d5 13. Nxd5 Nb4 14. Nxb4 Bxb4+ 15. c3 Ba5 16. 0-0 Bb5 17. Kh2 Bb6 18. Qf3 g6 19. Be3 Qd3 20. Bxb6 Qxe2 21. Bxc7 Qxb2 22. Rab1 Qe2 23. Qxe2 Bxe2 24. Rfe1 Ba6 25. Be5 Rad8 26. Rbd1 Bc4 27. a3 b5 28. Rd4 Bb3 29. Bf1 a6 30. Kg2 h6 31. h4 hxg5 32. hxg5 Rc8 33. Rb4 Ba4 34. Re3 Rcd8 35. Rd3 Rxd3 36. Bxd3 Rxe5 37. fxe5 Nf4+ 38. Kg3 Nxd3 39. Rd4 Nxe5 40. Rd8+ Kg7 41. Ra8 Nc4 42. Rxa6 Nxa3 43. Ra7 Nb1 44. c4 Nd2 45. cxb5 Bxb5 46. Kf4 Bc4 47. Rd7 Nb3 48. Rc7 Be6 49. Rc3 Nd4 50. Ke5 Ne2 51. Ra3 Ng1 52. Rg3 Nh3 53. Kd6 Nf2 54. Re3 Kf8 55. Re2 Nh3 56. Rg2 Ke8 57. Rg3 Kd8 58. Rg2 Ke8 59. Rg3 Nf2 60. Re3 Kd8 61. Re2 1/2-1/2

[Event "Oberliga Nord N 1819"]
[Site "Germany"]
[Date "2018.10.21"]
[Round "1.5"]
[White "Hohlbein, Michael"]
[Black "Von Gleich, Alexander"]
[Result "1-0"]
[WhiteElo "2102"]
[BlackElo "2334"]
[PlyCount "53"]
[EventDate "2018.10.21"]
[EventType "team-tourn"]
[EventRounds "9"]
[EventCountry "GER"]
[SourceTitle "EXT 2020"]
[Source "ChessBase"]
[SourceDate "2019.10.17"]
[SourceVersion "1"]
[SourceVersionDate "2019.10.17"]
[SourceQuality "1"]
[WhiteTeam "Marmstorf"]
[BlackTeam "Johanneum Eppendorf"]
[WhiteTeamCountry "GER"]
[BlackTeamCountry "GER"]

1. e4 c5 2. Nc3 Nc6 3. d3 d6 4. Be3 g6 5. d4 cxd4 6. Bxd4 Nxd4 7. Qxd4 Nf6 8. e5 dxe5 9. Bb5+ Bd7 10. Qxe5 Bg7 11. 0-0-0 0-0 12. Bxd7 Nxd7 13. Qb5 Bxc3 14. bxc3 Qc7 15. Rxd7 Qxc3 16. Nf3 Rac8 17. Qb2 Qc5 18. Re1 Rfe8 19. Rd2 Rc6 20. Re5 Qc4 21. Qb3 Qf1+ 22. Re1 Qa6 23. Ne5 Re6 24. f4 Rf8 25. Rd4 Qa5 26. Red1 Rb6 27. Nc4 1-0

[Event "Bad Woerishofen op 27th"]
[Site "Bad Woerishofen"]
[Date "2011.03.26"]
[Round "4"]
[White "Von Gleich, Alexander"]
[Black "Schleich, Theodor"]
[Result "1-0"]
[WhiteElo "2335"]
[BlackElo "2138"]
[PlyCount "57"]
[EventDate "2011.03.24"]
[EventType "swiss"]
[EventRounds "9"]
[EventCountry "GER"]
[SourceTitle "EXT 2012"]
[Source "ChessBase"]
[SourceDate "2011.11.24"]
[SourceVersion "1"]
[SourceVersionDate "2011.11.24"]
[SourceQuality "1"]

1. Nf3 e6 2. c4 b6 3. g3 Bb7 4. Bg2 f5 5. 0-0 Nf6 6. d3 Be7 7. Nc3 0-0 8. e4 d6 9. Ng5 Qc8 10. Re1 e5 11. Bh3 g6 12. exf5 gxf5 13. d4 Nc6 14. d5 Nd4 15. Ne6 Nxe6 16. Bxf5 Qe8 17. Bxe6+ Kh8 18. Bh6 Rg8 19. Bxg8 Qxg8 20. f4 Qg6 21. Bg5 Bc8 22. fxe5 dxe5 23. Rxe5 Bg4 24. Qd2 Bd6 25. Bf4 Bf5 26. Rxf5 Qxf5 27. Bxd6 cxd6 28. Rf1 Qe5 29. Re1 1-0

[Event "BL2-West 9798"]
[Site "Germany"]
[Date "1998.??.??"]
[Round "?.6"]
[White "Buscher, Michael"]
[Black "Von Gleich, Alexander"]
[Result "1/2-1/2"]
[WhiteElo "2340"]
[BlackElo "2335"]
[PlyCount "27"]
[EventDate "1997.10.??"]
[EventType "team-tourn"]
[EventRounds "9"]
[EventCountry "GER"]
[SourceTitle "EXT 1999"]
[Source "ChessBase"]
[SourceDate "1998.11.16"]
[SourceVersion "1"]
[SourceVersionDate "1998.11.16"]
[SourceQuality "1"]
[WhiteTeam "Koeln Porz II"]
[BlackTeam "Godesberg"]
[WhiteTeamCountry "GER"]
[BlackTeamCountry "GER"]

1. e4 d5 2. exd5 Qxd5 3. Nc3 Qa5 4. Nf3 Nf6 5. Bc4 c6 6. h3 Bf5 7. 0-0 e6 8. Re1 Nbd7 9. d3 b5 10. Bb3 Bc5 11. Nh4 Bg6 12. Qf3 Qb6 13. a4 0-0 14. Nxg6 1/2-1/2

[Event "Bonn GSK-2"]
[Site "Bonn"]
[Date "1995.??.??"]
[Round "10"]
[White "Sieglen, Joachim"]
[Black "Von Gleich, Alexander"]
[Result "1-0"]
[WhiteElo "2380"]
[BlackElo "2340"]
[PlyCount "77"]
[EventDate "1995.??.??"]
[EventType "tourn"]
[EventRounds "11"]
[EventCountry "GER"]
[EventCategory "7"]
[SourceTitle "EXT 1997"]
[Source "ChessBase"]
[SourceDate "1996.11.15"]
[SourceVersion "1"]
[SourceVersionDate "1996.11.15"]
[SourceQuality "1"]

1. f4 b6 2. d3 Bb7 3. c3 e6 4. e4 Nh6 5. Be3 f5 6. Nd2 Ng4 7. Qe2 Nxe3 8. Qxe3 fxe4 9. Nxe4 Nc6 10. Nf3 Qe7 11. d4 0-0-0 12. Bd3 g6 13. 0-0-0 Bh6 14. Neg5 Rhf8 15. h4 Qd6 16. g3 Ne7 17. Rhf1 Nd5 18. Qd2 Nf6 19. Ne5 Qe7 20. Qe2 d6 21. Ng4 Bxg5 22. hxg5 Nh5 23. Rg1 Kb8 24. Rde1 Bc8 25. Bc4 Rfe8 26. Qf3 Qf8 27. Re3 e5 28. Bb5 Re7 29. dxe5 Bxg4 30. Qxg4 dxe5 31. Rge1 e4 32. Bc6 Rd6 33. Ba4 Qd8 34. Rxe4 Rxe4 35. Rxe4 c6 36. Re3 Kb7 37. Qe2 b5 38. Bc2 Qd7 39. Re7 1-0

[Event "BL2-West 9495"]
[Site "Germany"]
[Date "1995.??.??"]
[Round "7.8"]
[White "Von Gleich, Alexander"]
[Black "Balcerak, Jakob"]
[Result "1-0"]
[WhiteElo "2315"]
[BlackElo "2250"]
[PlyCount "89"]
[EventDate "1994.10.??"]
[EventType "team-tourn"]
[EventRounds "9"]
[EventCountry "GER"]
[SourceTitle "GER-chT2"]
[Source "ChessBase"]
[SourceDate "1999.07.01"]
[SourceVersion "1"]
[SourceVersionDate "1999.07.01"]
[SourceQuality "1"]
[WhiteTeam "Godesberg"]
[BlackTeam "Koblenz"]
[WhiteTeamCountry "GER"]
[BlackTeamCountry "GER"]

1. Nf3 Nf6 2. c4 g6 3. Nc3 Bg7 4. e4 d6 5. d4 0-0 6. Be2 e5 7. 0-0 Nc6 8. Be3 Re8 9. dxe5 dxe5 10. c5 Nd4 11. Nxd4 exd4 12. Bxd4 Nxe4 13. Bxg7 Qxd1 14. Bxd1 Kxg7 15. Nd5 Re5 16. Nxc7 Rb8 17. Re1 Bd7 18. b4 Rc8 19. f4 Re7 20. Nd5 Re6 21. Bc2 f5 22. Bxe4 fxe4 23. Rad1 Bc6 24. Ne3 Bb5 25. Ng4 b6 26. cxb6 axb6 27. Rd5 Bc6 28. Rd2 Rce8 29. Ne3 Bb5 30. Rc1 R8e7 31. f5 Re5 32. f6+ Kxf6 33. Nd5+ Rxd5 34. Rxd5 Bd3 35. a4 Ke6 36. Rd8 Ra7 37. Ra1 Ke5 38. Kf2 Rc7 39. a5 Rc2+ 40. Kg3 bxa5 41. bxa5 Rc3 42. Kf2 Rc2+ 43. Kg1 Kf4 44. a6 Bxa6 45. Rf8+ 1-0

[Event "BL2-West 9495"]
[Site "Germany"]
[Date "1995.??.??"]
[Round "4.8"]
[White "Von Gleich, Alexander"]
[Black "Michalek, Christoph"]
[Result "1-0"]
[WhiteElo "2315"]
[BlackElo "2185"]
[PlyCount "115"]
[EventDate "1994.10.??"]
[EventType "team-tourn"]
[EventRounds "9"]
[EventCountry "GER"]
[SourceTitle "GER-chT2"]
[Source "ChessBase"]
[SourceDate "1999.07.01"]
[SourceVersion "1"]
[SourceVersionDate "1999.07.01"]
[SourceQuality "1"]
[WhiteTeam "Godesberg"]
[BlackTeam "Dortmund Brackel"]
[WhiteTeamCountry "GER"]
[BlackTeamCountry "GER"]

1. Nf3 Nf6 2. c4 g6 3. Nc3 c5 4. d4 Bg7 5. e4 cxd4 6. Nxd4 d6 7. Be2 0-0 8. 0-0 Nc6 9. Be3 Bd7 10. f3 a6 11. Qd2 Rc8 12. Rac1 Nxd4 13. Bxd4 Be6 14. b3 Nd7 15. Bxg7 Kxg7 16. f4 f6 17. Nd5 Re8 18. Bf3 Rc5 19. b4 Rc8 20. a3 b6 21. Rfd1 a5 22. h3 axb4 23. axb4 Ra8 24. Ra1 Rxa1 25. Rxa1 Qb8 26. Qa2 b5 27. Qa7 Bxd5 28. exd5 Qd8 29. c5 dxc5 30. bxc5 Kf8 31. c6 Nb6 32. d6 Nc8 33. dxe7+ Rxe7 34. Qc5 Kg7 35. Rd1 Qc7 36. Qxb5 Qxf4 37. Qc5 Qc7 38. Qd5 Qg3 39. Qd7 Qb8 40. Qd4 Qc7 41. Qd8 Qa7+ 42. Kh1 Nb6 43. Rb1 Nc4 44. Rb7 Qa1+ 45. Kh2 Qe5+ 46. g3 Rxb7 47. cxb7 Qb2+ 48. Bg2 Ne5 49. Qe7+ Kh6 50. Qxf6 Ng4+ 51. hxg4 Qxf6 52. b8Q Qe7 53. Qf4+ Kg7 54. Qd4+ Kh6 55. Qd2+ Kg7 56. Qb2+ Kh6 57. Qb8 Qe2 58. Qf8+ 1-0

[Event "BL2-West 9495"]
[Site "Germany"]
[Date "1995.??.??"]
[Round "2.8"]
[White "Von Gleich, Alexander"]
[Black "Schlecht, Daniel"]
[Result "1-0"]
[WhiteElo "2315"]
[BlackElo "2220"]
[PlyCount "43"]
[EventDate "1994.10.??"]
[EventType "team-tourn"]
[EventRounds "9"]
[EventCountry "GER"]
[SourceTitle "GER-chT2"]
[Source "ChessBase"]
[SourceDate "1999.07.01"]
[SourceVersion "1"]
[SourceVersionDate "1999.07.01"]
[SourceQuality "1"]
[WhiteTeam "Godesberg"]
[BlackTeam "Plettenberg"]
[WhiteTeamCountry "GER"]
[BlackTeamCountry "GER"]

1. Nf3 Nf6 2. c4 e6 3. g3 d5 4. Bg2 dxc4 5. Qa4+ Nbd7 6. Qxc4 c5 7. Qb3 Rb8 8. d3 Bd6 9. Nc3 a6 10. Ng5 Qe7 11. Nge4 Bc7 12. Bg5 h6 13. Nxf6+ Nxf6 14. Bxf6 Qxf6 15. Ne4 Qe5 16. Rc1 b6 17. 0-0 f5 18. d4 cxd4 19. f4 Qb5 20. Nd6+ Bxd6 21. Bc6+ Bd7 22. Qxe6+ 1-0

[Event "Bundesliga 9293"]
[Site "Germany"]
[Date "1993.??.??"]
[Round "?.5"]
[White "Biebinger, Gerhard"]
[Black "Von Gleich, Alexander"]
[Result "0-1"]
[WhiteElo "2350"]
[BlackElo "2335"]
[PlyCount "82"]
[EventDate "1992.10.24"]
[EventType "team-tourn"]
[EventRounds "15"]
[EventCountry "GER"]
[SourceTitle "GER-chT"]
[Source "ChessBase"]
[SourceDate "1999.07.01"]
[SourceVersion "1"]
[SourceVersionDate "1999.07.01"]
[SourceQuality "1"]
[WhiteTeam "Kirchheim"]
[BlackTeam "Bochum"]
[WhiteTeamCountry "GER"]
[BlackTeamCountry "GER"]

1. c4 g6 2. Nc3 Bg7 3. d4 Nf6 4. e4 d6 5. Bg5 0-0 6. Qd2 c5 7. d5 b5 8. cxb5 a6 9. f3 Qa5 10. b6 Qxb6 11. Rc1 Nbd7 12. Nh3 e6 13. dxe6 fxe6 14. Nf2 Bb7 15. Be2 Rad8 16. 0-0 Ne5 17. Na4 Qa7 18. Kh1 Qb8 19. b3 Kh8 20. Rfd1 Nc6 21. Bd3 Nd4 22. Qe3 Rde8 23. e5 Nd5 24. Qd2 Bxe5 25. Ne4 Nf4 26. Bh6 Rf5 27. Re1 Nxd3 28. Qxd3 Bxh2 29. Kxh2 d5+ 30. Ng3 Rh5+ 31. Kg1 Qxg3 32. Nxc5 Qh2+ 33. Kf2 Nf5 34. Nxb7 Qg3+ 35. Kg1 Rxh6 36. Nc5 Qh2+ 37. Kf2 Qg3+ 38. Kg1 Rh2 39. Re2 Nh4 40. Rcc2 Nf5 41. Nxe6 Qh4 0-1

[Event "Bonn GSK"]
[Site "Bonn"]
[Date "1993.??.??"]
[Round "?"]
[White "Von Gleich, Alexander"]
[Black "Kengis, Edvins"]
[Result "0-1"]
[WhiteElo "2335"]
[BlackElo "2555"]
[PlyCount "76"]
[EventDate "1993.??.??"]
[EventType "tourn"]
[EventRounds "9"]
[EventCountry "GER"]
[EventCategory "8"]
[SourceTitle "CBM 034"]
[Source "ChessBase"]
[SourceDate "1993.06.01"]
[SourceVersion "1"]
[SourceVersionDate "1993.06.01"]
[SourceQuality "1"]

1. Nf3 e6 2. c4 Nf6 3. d4 Bb4+ 4. Bd2 c5 5. Bxb4 cxb4 6. g3 0-0 7. Bg2 d6 8. 0-0 Re8 9. Qd3 Qe7 10. Nbd2 e5 11. e4 Bg4 12. h3 Bxf3 13. Nxf3 Nbd7 14. Nh4 g6 15. f4 exd4 16. Qxd4 Nxe4 17. Rae1 Ndc5 18. Bxe4 Nxe4 19. Nf3 f5 20. Ng5 Rac8 21. Qd5+ Kg7 22. Nxe4 fxe4 23. f5 Rc5 24. f6+ Qxf6 25. Qxb7+ Re7 26. Qb8 Rf5 27. Rxf5 gxf5 28. Qxb4 Qd4+ 29. Kg2 a5 30. Qxa5 Qxb2+ 31. Kh1 Qf2 32. Qc3+ Kg6 33. Qe3 Qxe3 34. Rxe3 Rc7 35. Rc3 d5 36. c5 d4 37. Rc4 d3 38. Rd4 Rxc5 0-1

[Event "Oberliga Mittelrhein 9394"]
[Site "Mittelrhein"]
[Date "1993.??.??"]
[Round "?"]
[White "Von Gleich, Alexander"]
[Black "Okrajek, Alexander"]
[Result "1/2-1/2"]
[WhiteElo "2335"]
[BlackElo "2275"]
[PlyCount "136"]
[EventDate "1993.10.??"]
[EventType "team"]
[EventRounds "11"]
[EventCountry "GER"]
[SourceTitle "EXT 2002"]
[Source "ChessBase"]
[SourceDate "2001.11.25"]
[SourceVersion "1"]
[SourceVersionDate "2001.11.25"]
[SourceQuality "1"]

1. e4 c6 2. Nc3 d5 3. Nf3 Bg4 4. h3 Bxf3 5. Qxf3 e6 6. d4 Bb4 7. Bd2 dxe4 8. Qxe4 Nf6 9. Qh4 Nbd7 10. 0-0-0 Nd5 11. Qxd8+ Rxd8 12. Ne4 Bxd2+ 13. Nxd2 0-0 14. g3 h6 15. Bg2 Ne7 16. Nb3 Rc8 17. h4 Rc7 18. Rhe1 Rfc8 19. Kb1 b6 20. c3 c5 21. dxc5 Nxc5 22. Nxc5 Rxc5 23. Rd7 R8c7 24. Red1 g6 25. Rxc7 Rxc7 26. Kc2 e5 27. Rd6 Kg7 28. a4 f5 29. Kb3 e4 30. Bf1 Nc6 31. Be2 Ne5 32. Re6 Nd7 33. Kb4 Kf7 34. Rd6 Ne5 35. a5 Nc6+ 36. Kb5 Nxa5 37. h5 gxh5 38. Rxh6 Kg7 39. Rxh5 Nb7 40. Kb4 Nd6 41. c4 Kf6 42. b3 Rg7 43. Kc3 Ke5 44. Rh6 Nf7 45. Rc6 Ng5 46. c5 e3 47. cxb6 Ne4+ 48. Kb4 exf2 49. Rc7 Rg4 50. bxa7 Rg8 51. Rg7 Ra8 52. Ka5 Kf6 53. Rc7 Nxg3 54. Bc4 f4 55. Ka6 Ke5 56. Rg7 f1Q 57. Bxf1 Nxf1 58. b4 Ne3 59. Re7+ Kd6 60. Rf7 Nd5 61. b5 Ke5 62. Kb7 Re8 63. a8Q Rxa8 64. Kxa8 f3 65. Ka7 Ke4 66. b6 Nxb6 67. Kxb6 Ke3 68. Re7+ Kd3 1/2-1/2

[Event "Oberliga NRW 9293 I"]
[Site "Germany"]
[Date "1992.??.??"]
[Round "?.1"]
[White "Arkhipov, Sergey"]
[Black "Von Gleich, Alexander"]
[Result "0-1"]
[WhiteElo "2515"]
[BlackElo "2335"]
[PlyCount "76"]
[EventDate "1992.10.??"]
[EventType "team"]
[EventRounds "9"]
[EventCountry "GER"]
[SourceTitle "TD"]
[Source "ChessBase"]
[SourceDate "1994.03.01"]
[SourceVersion "1"]
[SourceVersionDate "1994.03.01"]
[SourceQuality "1"]
[WhiteTeam "Duisburg"]
[BlackTeam "Bochum II"]
[WhiteTeamCountry "GER"]
[BlackTeamCountry "GER"]

1. c4 g6 2. e4 Bg7 3. d4 d6 4. Nc3 Nf6 5. Nf3 0-0 6. Be2 Na6 7. Bf4 Nh5 8. Bg5 h6 9. Be3 e5 10. Qd2 Nf4 11. Bxf4 exf4 12. Qxf4 g5 13. Qd2 g4 14. Ng1 f5 15. h3 fxe4 16. Nxe4 Qe7 17. Nc3 Nb4 18. hxg4 Bxg4 19. Kf1 Bxe2+ 20. Ncxe2 c5 21. Nf3 Rae8 22. a3 Nc6 23. dxc5 dxc5 24. Qd5+ Rf7 25. Nc3 Rd8 26. Qh5 Qe6 27. Rh4 Nd4 28. Nxd4 Rxd4 29. Nd5 Rd2 30. f4 Qe4 31. Qg4 Qxc4+ 32. Kg1 Qxd5 33. Re1 Rxf4 34. Re8+ Kh7 35. Rxh6+ Bxh6 36. Re7+ Kh8 37. Qg6 Rd1+ 38. Kh2 Rh4+ 0-1